Poland Immigration by Country - Statistics

General Stats
  • This quiz has been taken 82 times
  • The average score is 11 of 16
Answer Stats
# People Country of Origin % Correct
468,352 Ukraine
97%
16,966 Germany
96%
17,463 Russia
96%
95,912 Belarus
93%
8,187 Italy
82%
4,972 France
81%
6,083 China
79%
5,081 Romania
78%
5,475 Spain
71%
16,652 India
67%
7,687 Moldova
67%
4,970 Bulgaria
65%
10,788 Vietnam
63%
23,288 Georgia
54%
4,187 Philippines
31%
7,129 Uzbekistan
28%
No matching quizzes found
Score Distribution
Percent of People with Each Score
Percentile by Number Answered
Your Score History
You have not taken this quiz